Biblioteca y Centro de Documentación

Propuestas de programa y presupuesto para 1996-1997 (Registro nro. 3207)

Detalles MARC
000 -CABECERA
Longitud fija campo de control 01316nam a2200313 c 4500
001 - NÚMERO DE CONTROL
Número de control 3207
003 - IDENTIFICADOR DE NÚMERO DE CONTROL
Identificador del número de control ES-MaCES
005 - FECHA Y HORA DE LA ÚLTIMA TRANSACCIÓN
Fecha y hora de la última transacción 20180131142510.0
008 - CAMPO FIJO DE DESCRIPCIÓN FIJA--INFORMACIÓN GENERAL
Códigos de información de longitud fija   950929s1995 sz ||| | spa d
020 ## - ISBN (INTERNATIONAL STANDARD BOOK NUMBER)
Número Internacional Normalizado para Libros (ISBN) 9223094097
035 ## - NÚMERO DE CONTROL DEL SISTEMA
Número de control del sistema CES19980032308m
040 ## - FUENTE DE CATALOGACIÓN
Centro catalogador de origen ES-MaCES
Lengua de catalogación spa
Centro transcriptor ES-MaCES
110 2# - ENCABEZAMIENTO PRINCIPAL--NOMBRE CORPORATIVO
9 (RLIN) 4718
Nombre de entidad corporativa o nombre de jurisdicción como elemento inicial Organización Internacional del Trabajo
245 10 - MENCIÓN DE TÍTULO
Título Propuestas de programa y presupuesto para 1996-1997
Mención de responsabilidad, etc. presentadas por el Director General, Oficina Internacional del Trabajo, Consejo de Administración, Comisión de Programa, Presupuesto y Administración
260 ## - PUBLICACIÓN, DISTRIBUCIÓN, ETC (PIE DE IMPRENTA)
Lugar de publicación, distribución, etc. Ginebra
Nombre del editor, distribuidor, etc. Oficina Internacional del Trabajo
Fecha de publicación, distribución, etc. 1995
300 ## - DESCRIPCIÓN FÍSICA
Extensión 1 v. (pag. var.)
Dimensiones 29 cm
500 ## - NOTA GENERAL
Nota general En la port., además: 262ª reunión. Noveno punto de la orden del día
500 ## - NOTA GENERAL
Nota general En la cub., además: GB.262-PFA-9 reimpreso como suplemento al Informe II sometido a la 82ª reunión de la Conferencia Internacional del Trabajo
500 ## - NOTA GENERAL
Nota general En el lomo: 82 II (Sup.)
541 ## - NOTA DE LA FUENTE INMEDIANTE DE ADQUISICIÓN
Forma de adquisición Compra
650 #4 - ASIENTO SECUNDARIO DE MATERIA--TÉRMINO DE MATERIA
Término de materia o nombre geográfico como elemento inicial programa de la OIT
9 (RLIN) 29032
650 #4 - ASIENTO SECUNDARIO DE MATERIA--TÉRMINO DE MATERIA
Término de materia o nombre geográfico como elemento inicial presupuesto
9 (RLIN) 28276
650 #4 - ASIENTO SECUNDARIO DE MATERIA--TÉRMINO DE MATERIA
Término de materia o nombre geográfico como elemento inicial 1996-1997
9 (RLIN) 31088
653 10 - TÉRMINO DE INDEXACIÓN--NO CONTROLADO
Término no controlado Organizaciones
711 2# - ENCABEZAMIENTO SECUNDARIO--NOMBRE DE REUNIÓN
Nombre de congreso o nombre de jurisdicción como elemento inicial Conferencia Internacional del Trabajo
Unidad subordinada Reunión
Número del congreso o número de parte o sección de la obra 82ª
Fecha del congreso 1995
Sede del congreso Ginebra
9 (RLIN) 105
902 ## - CES. TIPO DE DOCUMENTO
Tipodoc (006$c Sirtex) LIB Libro
942 ## - ELEMENTOS KOHA
Fuente de clasificaión o esquema Clasificación propia del CES
Koha [por defecto] tipo de item Monografías
Parte de clasificación 6.3.
Existencias
Número de registro Signatura completa Tipo de item de Koha
009903 DPT-1277 Monografías
© CES, Consejo Económico y Social de España 2021